[Event "TCh-CHN Division A 2014"]
[Site "Taizhou CHN"]
[Date "2014.11.16"]
[Round "18.1"]
[Board "4"]
[White "Wang, Doudou"]
[Black "Zhao, Xue"]
[Result "0-1"]
[WhiteTitle "WIM"]
[BlackTitle "GM"]
[WhiteElo "2215"]
[BlackElo "2514"]
[WhiteTeam "Hebei"]
[BlackTeam "Beijing"]
[WhiteFideId "8603197"]
[BlackFideId "8601283"]
[EventDate "2014.04.12"]

1. d4 Nf6 2. c4 e6 3. Nf3 b6 4. g3 Bb7 5. Bg2 g6 6. Nc3 Bg7 7. O-O O-O 8. Bf4 h6
9. Qc2 d6 10. e4 Nbd7 11. Rad1 Qe7 12. Rfe1 Rad8 13. a3 Rfe8 14. b4 Nf8 15. h3
g5 16. Be3 Ng6 17. c5 g4 18. Nd2 dxc5 19. dxc5 gxh3 20. Bxh3 Ne5 21. Bg2 Nfg4
22. Nf1 Nxe3 23. Nxe3 bxc5 24. b5 c4 25. Rxd8 Rxd8 26. a4 Rd3 27. Ne2 Rxe3 28.
fxe3 Qg5 29. Nf4 Qxg3 30. Qf2 Nf3+ 0-1

[Event "TCh-CHN Division A 2014"]
[Site "Taizhou CHN"]
[Date "2014.11.16"]
[Round "18.1"]
[Board "5"]
[White "Zhai, Mo"]
[Black "Wang, Jue"]
[Result "1-0"]
[WhiteTitle "WIM"]
[BlackTitle "WGM"]
[WhiteElo "2325"]
[BlackElo "2353"]
[WhiteTeam "Hebei"]
[BlackTeam "Beijing"]
[WhiteFideId "8600201"]
[BlackFideId "8604070"]
[EventDate "2014.04.12"]

1. d4 Nf6 2. Nf3 e6 3. Bf4 c5 4. e3 d5 5. c3 Qb6 6. Qb3 c4 7. Qc2 Qa5 8. Nbd2
Nc6 9. Be2 Nh5 10. Be5 f6 11. Bg3 Nxg3 12. hxg3 f5 13. Ng5 h6 14. Bh5+ Ke7 15.
Ngf3 Rg8 16. Nh4 Bd7 17. g4 g5 18. Ng6+ Kd6 19. b4 Qd8 20. gxf5 exf5 21. b5 Na5
22. Ne5 Qf6 23. g4 Be6 24. gxf5 Bxf5 25. e4 Bh7 26. Bf7 Rg7 27. Bxd5 Re8 28. Qa4
b6 29. Ndxc4+ Ke7 30. Nxa5 bxa5 31. Qxa5 Qb6 32. Qxb6 axb6 33. Rxh6 Rc8 34. Kd2
Kd8 35. Rah1 Bg8 36. Rh8 1-0

[Event "TCh-CHN Division A 2014"]
[Site "Taizhou CHN"]
[Date "2014.11.16"]
[Round "18.2"]
[Board "1"]
[White "Ding, Liren"]
[Black "Motylev, Alexander"]
[Result "1/2-1/2"]
[WhiteTitle "GM"]
[BlackTitle "GM"]
[WhiteElo "2730"]
[BlackElo "2680"]
[WhiteTeam "Zhejiang"]
[BlackTeam "Chongqing"]
[WhiteFideId "8603677"]
[BlackFideId "4121830"]
[EventDate "2014.04.12"]

1. d4 d5 2. c4 c6 3. Nf3 Nf6 4. e3 Bg4 5. Nc3 e6 6. h3 Bxf3 7. Qxf3 Bb4 8. Bd3
O-O 9. O-O Nbd7 10. a3 Ba5 11. Rd1 Re8 12. Bf1 Bxc3 13. bxc3 Ne4 14. Bd2 Nxd2
15. Rxd2 Qa5 16. Rc2 Rac8 17. Qd1 Nf6 18. Qb1 Qc7 19. c5 e5 20. a4 b6 21. cxb6
axb6 22. dxe5 Rxe5 23. c4 c5 24. Rb2 Nd7 25. a5 bxa5 26. Rb7 Qd8 27. Qb5 Nf6 28.
cxd5 Rxd5 29. Bc4 Rd7 30. Rxd7 Qxd7 31. Qxa5 Ne4 32. Qb6 g6 33. h4 Qc7 34. Qxc7 1/2-1/2

[Event "TCh-CHN Division A 2014"]
[Site "Taizhou CHN"]
[Date "2014.11.16"]
[Round "18.2"]
[Board "2"]
[White "Lu, Shanglei"]
[Black "Wang, Chen"]
[Result "0-1"]
[WhiteTitle "GM"]
[BlackTitle "IM"]
[WhiteElo "2566"]
[BlackElo "2508"]
[WhiteTeam "Zhejiang"]
[BlackTeam "Chongqing"]
[WhiteFideId "8603332"]
[BlackFideId "8601020"]
[EventDate "2014.04.12"]

1. e4 c5 2. Nf3 e6 3. d4 cxd4 4. Nxd4 Nc6 5. Nc3 Qc7 6. g3 a6 7. Bg2 Nf6 8. O-O
h5 9. Re1 Nxd4 10. Qxd4 Bc5 11. Qd3 Ng4 12. Nd1 h4 13. Qc3 f6 14. Ne3 Ne5 15.
Bd2 a5 16. Rad1 b5 17. a3 b4 18. axb4 axb4 19. Qb3 hxg3 20. hxg3 Qb6 21. Ra1 Bb7
22. Rxa8+ Bxa8 23. Nd1 f5 24. Bf4 Qd6 25. c3 Bxe4 26. cxb4 Bd4 27. b5 Bxg2 28.
Kxg2 g5 29. Bxe5 Bxe5 30. Nc3 g4 31. Rh1 Rxh1 32. Kxh1 Qd3 33. Kg1 Bd4 0-1

[Event "TCh-CHN Division A 2014"]
[Site "Taizhou CHN"]
[Date "2014.11.16"]
[Round "18.2"]
[Board "3"]
[White "Yu, Lie"]
[Black "Zhou, Weiqi"]
[Result "0-1"]
[WhiteTitle "IM"]
[BlackTitle "GM"]
[WhiteElo "2327"]
[BlackElo "2614"]
[WhiteTeam "Zhejiang"]
[BlackTeam "Chongqing"]
[WhiteFideId "8603715"]
[BlackFideId "8601674"]
[EventDate "2014.04.12"]

1. d4 Nf6 2. c4 e6 3. Nf3 b6 4. g3 Ba6 5. Nbd2 Bb4 6. Qb3 c5 7. Bg2 Nc6 8. O-O
cxd4 9. Ne5 Nxe5 10. Qxb4 Nc6 11. Qa4 Bb7 12. Nf3 Ne4 13. Rd1 Qf6 14. Qc2 Qf5
15. Qd3 e5 16. a3 f6 17. e3 Nxg3 18. hxg3 Qxd3 19. Rxd3 e4 20. Rd1 exf3 21. Bxf3
dxe3 22. Bxe3 O-O-O 23. c5 b5 24. a4 b4 25. a5 Ne5 26. Bxb7+ Kxb7 27. Ra4 Nc6
28. a6+ Kc8 29. Kg2 Rde8 30. Kf3 Re5 31. Rc1 Rhe8 32. Rh1 h6 33. Rh4 Rf5+ 34.
Kg2 Re6 35. Rc4 g5 36. Ra1 Rd5 37. g4 f5 38. gxf5 Rxf5 39. Rh1 Rd5 40. Rh3 Rd1
41. Rf3 Ra1 42. Bd2 Rxa6 43. b3 Kc7 44. Rf5 Ra3 45. Bxb4 Rxb3 46. Bd2 Rb2 47.
Bc1 Ra2 48. Kg3 a5 49. f4 gxf4+ 50. Bxf4+ Kb7 51. Rd5 Ra3+ 52. Kg4 Kc8 53. Bc1
Rb3 54. Rf4 Ne5+ 55. Kf5 Ng6 56. Rdd4 Nxf4 57. Bxf4 Rb4 58. Rd3 h5 59. Rg3 Re8
60. Bd6 Kb7 61. Rg7 Kc6 62. Rg6 Re6 63. Rg8 Rxd6 0-1

[Event "TCh-CHN Division A 2014"]
[Site "Taizhou CHN"]
[Date "2014.11.16"]
[Round "18.2"]
[Board "4"]
[White "Tan, Zhongyi"]
[Black "Qiu, Mengjie"]
[Result "1-0"]
[WhiteTitle "WGM"]
[BlackTitle "WFM"]
[WhiteElo "2465"]
[BlackElo "2126"]
[WhiteTeam "Chongqing"]
[BlackTeam "Zhejiang"]
[WhiteFideId "8603642"]
[BlackFideId "8606137"]
[EventDate "2014.04.12"]

1. d4 Nf6 2. c4 g6 3. Nf3 Bg7 4. g3 d5 5. cxd5 Nxd5 6. Bg2 Nb6 7. Nc3 Nc6 8. e3
O-O 9. O-O a5 10. d5 Nb4 11. e4 e6 12. a3 Na6 13. Bg5 f6 14. Bc1 Qe7 15. Re1 e5
16. b3 Bd7 17. Bb2 Rfd8 18. Nd2 Bf8 19. Qe2 c6 20. Rad1 Qf7 21. Kh1 Rac8 22. f4
exf4 23. e5 fxe5 24. gxf4 exf4 25. Nce4 Nxd5 26. Ng5 Qf5 27. Bh3 Qxh3 28. Qe5 1-0

[Event "TCh-CHN Division A 2014"]
[Site "Taizhou CHN"]
[Date "2014.11.16"]
[Round "18.2"]
[Board "5"]
[White "Huang, Qian"]
[Black "Ding, Yixin"]
[Result "1/2-1/2"]
[WhiteTitle "WGM"]
[BlackTitle "WGM"]
[WhiteElo "2464"]
[BlackElo "2440"]
[WhiteTeam "Chongqing"]
[BlackTeam "Zhejiang"]
[WhiteFideId "8602689"]
[BlackFideId "8602972"]
[EventDate "2014.04.12"]

1. c4 Nf6 2. Nc3 g6 3. Nf3 Bg7 4. e4 c5 5. d4 cxd4 6. Nxd4 Nc6 7. Be3 O-O 8. Be2
d6 9. O-O Nxd4 10. Bxd4 Bd7 11. Qd2 Bc6 12. f3 a5 13. b3 Nd7 14. Be3 Nc5 15.
Rab1 Qb6 16. Rfc1 Rfc8 17. Rc2 Qd8 18. Bf1 h5 19. a3 Kh7 20. b4 axb4 21. axb4
Na4 22. Nd5 e6 23. Nf4 Nb6 24. Qf2 Na4 25. Qd2 Nb6 26. Qf2 Na4 27. Qd2 Nb6 28.
Qf2 Na4 29. Qd2 Nb6 30. Qf2 1/2-1/2

[Event "TCh-CHN Division A 2014"]
[Site "Taizhou CHN"]
[Date "2014.11.16"]
[Round "18.3"]
[Board "1"]
[White "Wen, Yang"]
[Black "Lou, Yiping"]
[Result "1/2-1/2"]
[WhiteTitle "GM"]
[BlackTitle "IM"]
[WhiteElo "2586"]
[BlackElo "2461"]
[WhiteTeam "Shandong"]
[BlackTeam "Shanghai"]
[WhiteFideId "8602956"]
[BlackFideId "8603928"]
[EventDate "2014.04.12"]

1. g3 Nf6 2. Bg2 d5 3. Nf3 g6 4. O-O Bg7 5. d4 O-O 6. Nbd2 c6 7. c4 Be6 8. b3
Ne4 9. Bb2 Nxd2 10. Qxd2 h6 11. Rac1 a5 12. cxd5 cxd5 13. Ne5 Nd7 14. Nd3 Nf6
15. Nc5 Bc8 16. Rfd1 b6 17. Nd3 Bb7 18. Qf4 Rc8 19. Ba3 Nh5 20. Qe3 Re8 21. Ne5
Nf6 22. Qd3 Nd7 23. Rxc8 Qxc8 24. Rc1 Qd8 25. Nc6 Bxc6 26. Rxc6 e6 27. Bd6 Nb8
28. Bc7 Qc8 29. Rc2 Qb7 30. e4 Na6 31. Bd6 Rd8 32. e5 Nb4 33. Bxb4 axb4 34. Qb5
Bf8 35. Rc6 Rb8 36. Bf1 Qa8 37. Bd3 Qa7 38. Kg2 Kg7 39. Bb1 Qd7 40. Bd3 Be7 41.
Rc2 Qxb5 42. Bxb5 Ra8 43. f4 h5 44. h3 Ra7 45. Kf3 Bd8 46. Rc8 Be7 47. Ba4 b5
48. Bxb5 Rxa2 49. Rc7 Kf8 50. Rc8+ 1/2-1/2

[Event "TCh-CHN Division A 2014"]
[Site "Taizhou CHN"]
[Date "2014.11.16"]
[Round "18.3"]
[Board "2"]
[White "Bu, Xiangzhi"]
[Black "Ni, Hua"]
[Result "1/2-1/2"]
[WhiteTitle "GM"]
[BlackTitle "GM"]
[WhiteElo "2707"]
[BlackElo "2677"]
[WhiteTeam "Shandong"]
[BlackTeam "Shanghai"]
[WhiteFideId "8601445"]
[BlackFideId "8601160"]
[EventDate "2014.04.12"]

1. d4 d5 2. c4 c6 3. Nf3 Nf6 4. e3 Bg4 5. h3 Bxf3 6. Qxf3 e6 7. Bd3 Nbd7 8. O-O
Bd6 9. Nd2 O-O 10. e4 dxe4 11. Nxe4 Nxe4 12. Bxe4 Nf6 13. Bc2 e5 14. Bg5 h6 15.
Bxf6 Qxf6 16. Qxf6 gxf6 17. Rad1 exd4 18. Rxd4 Bc5 19. Rd7 Rab8 20. Rfd1 Rfe8
21. Kf1 Kf8 22. Bf5 a5 23. b3 Re5 24. g4 Rbe8 25. Rd8 Rxd8 26. Rxd8+ Re8 27. Rd7
Re7 28. Rd8+ Re8 29. Rd7 Re7 30. Rd8+ Re8 1/2-1/2

[Event "TCh-CHN Division A 2014"]
[Site "Taizhou CHN"]
[Date "2014.11.16"]
[Round "18.3"]
[Board "3"]
[White "Zhao, Jun"]
[Black "Zhou, Jianchao"]
[Result "1-0"]
[WhiteTitle "GM"]
[BlackTitle "GM"]
[WhiteElo "2578"]
[BlackElo "2590"]
[WhiteTeam "Shandong"]
[BlackTeam "Shanghai"]
[WhiteFideId "8602522"]
[BlackFideId "8603537"]
[EventDate "2014.04.12"]

1. e4 c5 2. Nc3 a6 3. Nf3 d6 4. a4 Bg4 5. Be2 Nc6 6. Ng5 Bxe2 7. Nxe2 h6 8. Nf3
Nf6 9. Ng3 h5 10. d3 h4 11. Ne2 h3 12. g3 d5 13. e5 Ng4 14. e6 fxe6 15. Nf4 e5
16. Ne6 Qd6 17. Nfg5 Nf6 18. O-O Nd8 19. Nxd8 Rxd8 20. f4 g6 21. fxe5 Qxe5 22.
Bf4 Qxb2 23. Qe2 Qb6 24. Rab1 Qc6 25. a5 d4 26. Rb6 Qg2+ 27. Qxg2 hxg2 28. Kxg2
Bh6 29. Rxb7 Nd5 30. Re1 Bxg5 31. Bxg5 O-O 32. Bxe7 Rde8 33. Bxf8 Rxe1 34. Bxc5
Ne3+ 35. Kf2 Rh1 36. Bxd4 Nf5 37. Kg2 Rc1 38. Bf2 Rxc2 39. Rb6 Kf7 40. Rxa6 g5
41. h3 Rd2 42. Ra8 Rxd3 43. a6 1-0

[Event "TCh-CHN Division A 2014"]
[Site "Taizhou CHN"]
[Date "2014.11.16"]
[Round "18.3"]
[Board "4"]
[White "Zhang, Xiaowen"]
[Black "Xiao, Yiyi"]
[Result "1/2-1/2"]
[WhiteTitle "WGM"]
[BlackTitle "WFM"]
[WhiteElo "2355"]
[BlackElo "2248"]
[WhiteTeam "Shanghai"]
[BlackTeam "Shandong"]
[WhiteFideId "8603219"]
[BlackFideId "8606161"]
[EventDate "2014.04.12"]

1. e4 c5 2. Nf3 e6 3. d4 cxd4 4. Nxd4 Nc6 5. Nc3 Qc7 6. Be2 a6 7. O-O Nf6 8. Be3
Bb4 9. Na4 Be7 10. c4 d6 11. Nc3 O-O 12. Rc1 Nxd4 13. Bxd4 Bd7 14. f4 Bc6 15.
Bd3 Rac8 16. Kh1 Qb8 17. e5 dxe5 18. fxe5 Nd7 19. Qh5 g6 20. Qh6 b5 21. cxb5
axb5 22. Rce1 Qa8 23. Be4 f5 24. exf6 Bxf6 25. Rxf6 Rxf6 26. Bxc6 Qxc6 27. Bxf6
Nxf6 28. Qg5 Nd5 29. Ne4 Rf8 30. h3 Nf4 31. Qc5 Qd5 32. Qc3 b4 33. Qd2 Qxa2 34.
g3 Nd5 35. Ng5 Qb3 36. Nxe6 Qf3+ 37. Qg2 Qxg2+ 38. Kxg2 Rc8 39. Re2 1/2-1/2

[Event "TCh-CHN Division A 2014"]
[Site "Taizhou CHN"]
[Date "2014.11.16"]
[Round "18.3"]
[Board "5"]
[White "Ju, Wenjun"]
[Black "Xu, Huahua"]
[Result "1-0"]
[WhiteTitle "WGM"]
[BlackTitle "WIM"]
[WhiteElo "2582"]
[BlackElo "2106"]
[WhiteTeam "Shanghai"]
[BlackTeam "Shandong"]
[WhiteFideId "8603006"]
[BlackFideId "8604096"]
[EventDate "2014.04.12"]

1. Nf3 c5 2. c4 Nf6 3. d4 cxd4 4. Nxd4 Nc6 5. Nc3 g6 6. Nc2 Bg7 7. e4 O-O 8. Be2
d6 9. O-O a6 10. Be3 Rb8 11. f3 Be6 12. Rb1 Ne5 13. b3 Qa5 14. Qd2 Rfc8 15. Nd4
Bd7 16. a4 Qd8 17. Rfc1 Qf8 18. Bf1 h6 19. Nc2 Kh7 20. Ba7 Ra8 21. Bf2 Qd8 22.
Ne3 Be6 23. Be2 h5 24. f4 Neg4 25. Bxg4 Nxg4 26. Nxg4 hxg4 27. Ne2 Bd7 28. Ng3
b5 29. axb5 axb5 30. f5 bxc4 31. bxc4 Ra4 32. Qg5 Raxc4 33. Rxc4 Rxc4 34. Qxg4
Qc8 35. fxg6+ fxg6 36. Qh4+ Kg8 37. Qg5 Kh7 38. Be3 Rc3 39. Rf1 Be8 40. Ne2 Rc2
41. Nd4 Rc7 42. Nf3 Kg8 43. Qh4 Bf6 44. Ng5 Bxg5 45. Bxg5 Qe6 46. h3 Bf7 47. Rb1
Be8 48. Rf1 Bf7 49. Rb1 Be8 50. Rb8 Rc8 51. Rxc8 Qxc8 52. Bxe7 Qc1+ 53. Kh2 Qc5
54. Bf6 Qh5 55. Qf4 d5 56. Qb8 g5 57. exd5 Qf7 58. Bxg5 Kh7 59. Qd6 Bd7 60. Qe7
Qxe7 61. Bxe7 Kg6 62. g4 Kf7 63. Bb4 Bc8 64. Kg3 Bb7 65. d6 Bc8 66. Kf4 Kg6 67.
h4 Be6 68. h5+ Kh6 69. Kg3 Kg5 70. Bd2+ Kf6 71. g5+ 1-0

[Event "TCh-CHN Division A 2014"]
[Site "Taizhou CHN"]
[Date "2014.11.16"]
[Round "18.4"]
[Board "1"]
[White "Xu, Zhihang"]
[Black "Fang, Yuxiang"]
[Result "1/2-1/2"]
[WhiteElo "2119"]
[BlackElo "2324"]
[WhiteTeam "Qingdao Experimental School"]
[BlackTeam "Qingdao Qingwei"]
[WhiteFideId "8611572"]
[BlackFideId "8605840"]
[EventDate "2014.04.12"]

1. c4 c6 2. Nf3 d5 3. g3 Nf6 4. Bg2 Bg4 5. Ne5 Be6 6. cxd5 Bxd5 7. Nf3 c5 8. Nc3
Bc6 9. O-O e6 10. d4 Nbd7 11. Ne5 Bxg2 12. Kxg2 Nxe5 13. dxe5 Nd7 14. Qa4 a6 15.
Rd1 b5 16. Qe4 Be7 17. Be3 Ra7 18. b4 Qa8 19. a4 bxa4 20. bxc5 Nxc5 21. Qxa8+
Rxa8 22. Nxa4 Nxa4 23. Rxa4 a5 24. Bb6 Bb4 25. Bxa5 Bxa5 26. Rda1 O-O 27. Rxa5
Rxa5 28. Rxa5 Rb8 29. h4 h5 30. Ra7 Rb5 31. f4 g6 32. Kf3 Kg7 33. Ra1 Rc5 34.
Rg1 Rc3+ 35. e3 Rc2 36. Re1 Rc3 1/2-1/2

[Event "TCh-CHN Division A 2014"]
[Site "Taizhou CHN"]
[Date "2014.11.16"]
[Round "18.4"]
[Board "2"]
[White "Ma, Zhonghan"]
[Black "Zhou, Jiangnan"]
[Result "1-0"]
[WhiteElo "2471"]
[BlackElo "2100"]
[WhiteTeam "Qingdao Experimental School"]
[BlackTeam "Qingdao Qingwei"]
[WhiteFideId "8607206"]
[BlackFideId "8609918"]
[EventDate "2014.04.12"]

1. e4 c5 2. c3 e5 3. Nf3 d6 4. d4 Qc7 5. dxe5 dxe5 6. Bc4 Bd6 7. Na3 a6 8. Bd5
Qe7 9. Nc4 Bc7 10. Bg5 Nf6 11. O-O Ra7 12. a4 O-O 13. Nh4 Be6 14. Ne3 h6 15.
Nhf5 Qd8 16. Nxh6+ gxh6 17. Bxh6 Kh7 18. Bxf8 Qxf8 19. Qf3 Qh6 20. Bxe6 fxe6 21.
Rad1 Kg7 22. Rd3 Qf4 23. Qh3 Qxe4 24. Ng4 Nbd7 25. Rfd1 Nd5 26. Qh6+ Kf7 27.
Rf3+ Ke7 28. Qg7+ Kd6 29. Rf7 Qxa4 30. Rxd5+ Kxd5 31. Rxd7+ Kc4 32. Ne3+ Kb5 33.
Rxc7 1-0

[Event "TCh-CHN Division A 2014"]
[Site "Taizhou CHN"]
[Date "2014.11.16"]
[Round "18.4"]
[Board "3"]
[White "Mu, Ke"]
[Black "Li, Wenxiang"]
[Result "1/2-1/2"]
[WhiteElo "2413"]
[BlackElo "1846"]
[WhiteTeam "Qingdao Experimental School"]
[BlackTeam "Qingdao Qingwei"]
[WhiteFideId "8602778"]
[BlackFideId "8609748"]
[EventDate "2014.04.12"]

1. c4 c6 2. Nf3 Nf6 3. Nc3 d5 4. d4 dxc4 5. a4 Bf5 6. Nh4 Bc8 7. e3 Bg4 8. Qc2
e6 9. Bxc4 Nd5 10. Nf3 Bxf3 11. gxf3 a5 12. f4 g6 13. Qb3 Bb4 14. O-O O-O 15.
Be2 f5 16. Na2 Qe7 17. Nxb4 Qxb4 18. Qc2 Nd7 19. Bd2 Qd6 20. Rfc1 Kf7 21. Bf3
N7f6 22. Kf1 Ke7 23. Qb3 Ra7 24. Rc4 Rc8 25. Rac1 b6 26. h3 Rac7 27. Qd3 Kd7 28.
b3 Qf8 29. Qb1 c5 30. dxc5 Rxc5 31. Qb2 R5c7 32. R1c2 Qd6 33. Bc1 Ke7 34. Qe5
Rxc4 35. bxc4 Nb4 36. Qxd6+ Kxd6 37. Ba3 Nd7 38. Bb7 Rc7 39. Ba6 Nc5 40. Rd2+
Ke7 41. Bb5 Rc8 42. Bb2 Nc6 43. Ke2 Nb8 44. Ba3 h6 45. h4 Rd8 46. Rd4 Rd6 47.
Kd1 Nbd7 48. Kc2 Nb8 49. Be8 Nc6 50. Rxd6 Kxd6 51. Bxg6 Nb4+ 52. Bxb4 axb4 53.
Be8 e5 54. fxe5+ Kxe5 55. Bh5 Ke4 56. Bd1 Nxa4 57. Kb3 Nc5+ 58. Kxb4 Nd3+ 59.
Kb5 Nxf2 60. Bc2+ Kxe3 61. Bxf5 Kd4 62. Be6 Ke5 63. Bf7 Kd6 64. Kxb6 Ne4 65. Bg6
Nc5 66. Bf5 Nb3 67. Bc2 Nc5 68. Kb5 Ne6 69. Kb4 Nc5 70. Bf5 Na6+ 71. Kc3 Ke5 72.
Bg6 Nc5 73. Bf7 Ne4+ 74. Kd3 Nd6 75. Bg6 Nxc4 76. Kxc4 Kf6 77. h5 Kg7 1/2-1/2

[Event "TCh-CHN Division A 2014"]
[Site "Taizhou CHN"]
[Date "2014.11.16"]
[Round "18.4"]
[Board "4"]
[White "Yang, Yingxia"]
[Black "Gong, Qianyun"]
[Result "0-1"]
[BlackTitle "WIM"]
[WhiteElo "1827"]
[BlackElo "2349"]
[WhiteTeam "Qingdao Qingwei"]
[BlackTeam "Qingdao Experimental School"]
[WhiteFideId "8609837"]
[BlackFideId "8602425"]
[EventDate "2014.04.12"]

1. d4 Nf6 2. c4 e6 3. Nf3 b6 4. Nc3 Bb4 5. e3 Bb7 6. Bd3 c5 7. O-O O-O 8. Qe2
Bxc3 9. bxc3 Ne4 10. Bxe4 Bxe4 11. Nd2 Bb7 12. e4 d6 13. Nb3 cxd4 14. cxd4 d5
15. exd5 exd5 16. Re1 dxc4 17. Qxc4 Nd7 18. Qb5 Nf6 19. Bg5 Qd5 20. Qxd5 Nxd5
21. f3 f6 22. Bd2 Rfc8 23. Rac1 Kf7 24. Kf2 a5 25. a3 Ba6 26. Rxc8 Rxc8 27. Rc1
Re8 28. Re1 Rd8 29. Na1 Bd3 30. Rc1 Re8 31. Re1 Rc8 32. Rc1 Rxc1 33. Bxc1 Ke6
34. Nb3 Nc3 35. Ke3 Bg6 36. Kd2 Nb1+ 37. Ke3 Kd5 38. Bb2 Kc4 39. Nd2+ Nxd2 40.
Kxd2 Kb3 41. Bc1 Bf7 42. Kd3 Bd5 43. Kd2 b5 44. Kd3 a4 45. h3 b4 46. axb4 a3 47.
Bxa3 Kxa3 48. Kc3 Ka4 49. g3 Kb5 50. f4 Bg2 51. h4 h5 52. d5 Bxd5 53. Kd4 Be6
54. Ke4 g6 55. Ke3 Kxb4 56. Kd4 Kb5 57. Ke4 Kc5 58. Ke3 Kd5 59. Kd3 Bf5+ 60. Ke3
Kc4 0-1

[Event "TCh-CHN Division A 2014"]
[Site "Taizhou CHN"]
[Date "2014.11.16"]
[Round "18.4"]
[Board "5"]
[White "Gao, Hanxue"]
[Black "Lei, Tingjie"]
[Result "0-1"]
[BlackTitle "WGM"]
[WhiteElo "1766"]
[BlackElo "2421"]
[WhiteTeam "Qingdao Qingwei"]
[BlackTeam "Qingdao Experimental School"]
[WhiteFideId "8608873"]
[BlackFideId "8605114"]
[EventDate "2014.04.12"]

1. d4 Nf6 2. c4 g6 3. Nc3 d5 4. cxd5 Nxd5 5. e4 Nxc3 6. bxc3 Bg7 7. Be3 c5 8.
Bc4 Qa5 9. Ne2 O-O 10. O-O Nd7 11. Rb1 Nb6 12. Qb3 Nxc4 13. Qxc4 b6 14. Qb3 Ba6
15. Qc2 cxd4 16. cxd4 Rac8 17. Qb2 Bd3 18. Rbc1 Bxe4 19. Nc3 Bb7 20. Rfd1 Rc4
21. Qb5 Rfc8 22. Qxa5 bxa5 23. Nb5 Rxc1 24. Rxc1 Rxc1+ 25. Bxc1 a6 26. Na3 Bd5 0-1

[Event "TCh-CHN Division A 2014"]
[Site "Taizhou CHN"]
[Date "2014.11.16"]
[Round "18.5"]
[Board "2"]
[White "Naiditsch, Arkadij"]
[Black "Li, Di"]
[Result "1-0"]
[WhiteTitle "GM"]
[BlackTitle "FM"]
[WhiteElo "2719"]
[BlackElo "2209"]
[WhiteTeam "Jiangsu"]
[BlackTeam "Chengdu"]
[WhiteFideId "4650891"]
[BlackFideId "8607508"]
[EventDate "2014.04.12"]

1. e4 c5 2. Nf3 e6 3. d4 cxd4 4. Nxd4 Nc6 5. Nc3 Qc7 6. f4 Nxd4 7. Qxd4 b6 8.
Bd2 Bb7 9. Be2 Nf6 10. e5 Bc5 11. Qc4 Nd5 12. Ne4 O-O 13. a3 f6 14. b4 Be7 15.
Qxc7 Nxc7 16. exf6 gxf6 17. Nf2 a5 18. b5 Bc5 19. Rf1 Kf7 20. g3 Bg2 21. Rg1 Bd5
22. c4 Bb7 23. g4 Ne8 24. Rg3 Nd6 25. Be3 Ke7 26. Bxc5 bxc5 27. O-O-O Nc8 28.
Nd3 d6 29. Re3 Nb6 30. f5 e5 31. Nf4 d5 32. Ne6 d4 33. Rh3 Rf7 34. g5 Be4 35.
gxf6+ Rxf6 36. Rxh7+ Kd6 37. Ng5 Bxf5 38. Rf1 Raf8 39. Rxf5 Rxf5 40. Ne4+ Ke6
41. Nxc5+ Kf6 42. Rh6+ Kg5 43. Rxb6 Kf4 44. Kd2 e4 45. Ne6+ Ke5 46. Nxf8 1-0

[Event "TCh-CHN Division A 2014"]
[Site "Taizhou CHN"]
[Date "2014.11.16"]
[Round "18.5"]
[Board "3"]
[White "Yu, Ruiyuan"]
[Black "Liu, Guanchu"]
[Result "1-0"]
[WhiteTitle "GM"]
[BlackTitle "IM"]
[WhiteElo "2552"]
[BlackElo "2409"]
[WhiteTeam "Jiangsu"]
[BlackTeam "Chengdu"]
[WhiteFideId "8603090"]
[BlackFideId "8603901"]
[EventDate "2014.04.12"]

1. e4 c5 2. Nf3 Nc6 3. d4 cxd4 4. Nxd4 Nf6 5. Nc3 d6 6. Bg5 e6 7. Qd2 a6 8.
O-O-O Bd7 9. f4 b5 10. Bxf6 gxf6 11. Kb1 Qb6 12. Nce2 h5 13. Qe1 Rc8 14. Nxc6
Qxc6 15. Nd4 Qc5 16. Qd2 h4 17. Be2 Rg8 18. Bf3 b4 19. Rhe1 Bh6 20. Nb3 Qc7 21.
Bh5 a5 22. Qf2 a4 23. Nd4 a3 24. Qxh4 Bg7 25. Qg3 axb2 26. e5 dxe5 27. fxe5 f5
28. Qb3 Rh8 29. Nxf5 Bxe5 30. Rxe5 Qxe5 31. Nd6+ Ke7 32. Nxc8+ Rxc8 33. Qxb4+
Qc5 34. Qh4+ Kf8 35. Bg6 Be8 36. Qf6 Qc4 37. Rd7 1-0

[Event "TCh-CHN Division A 2014"]
[Site "Taizhou CHN"]
[Date "2014.11.16"]
[Round "18.5"]
[Board "4"]
[White "Matnadze, Ana"]
[Black "Shen, Yang"]
[Result "1/2-1/2"]
[WhiteTitle "IM"]
[BlackTitle "IM"]
[WhiteElo "2411"]
[BlackElo "2475"]
[WhiteTeam "Chengdu"]
[BlackTeam "Jiangsu"]
[WhiteFideId "13601377"]
[BlackFideId "8603162"]
[EventDate "2014.04.12"]

1. d4 d5 2. Nf3 Nf6 3. g3 c6 4. Bg2 Bg4 5. O-O e6 6. c4 Nbd7 7. Nc3 dxc4 8. e4
Be7 9. a4 a5 10. Qe2 Nb6 11. Rd1 O-O 12. h3 Bxf3 13. Bxf3 Rc8 14. Bg2 Nfd7 15.
f4 Re8 16. Be3 f5 17. Bf2 Bb4 18. exf5 exf5 19. Qc2 Qf6 20. d5 Bc5 21. dxc6 bxc6
22. Bf1 Rb8 23. Re1 Red8 24. Rad1 Kh8 25. Bxc5 Nxc5 26. Rxd8+ Rxd8 27. Re5 Qd6
28. Qf2 Nbxa4 29. Nxa4 Nxa4 30. Bxc4 Qb4 31. b3 Nb6 32. Qe3 Rf8 33. Be6 a4 34.
bxa4 Qb1+ 35. Qe1 Qxe1+ 36. Rxe1 Nxa4 37. Bxf5 Nc3 38. Bd7 c5 39. Re5 g6 40.
Rxc5 Ne4 41. Rc8 Rxc8 42. Bxc8 Nxg3 43. Kf2 Ne4+ 44. Kf3 Nd6 45. Ba6 Kg7 46. Bd3
Kf6 47. Ke3 Ke6 48. Kf3 Ne8 49. Kg4 Kf6 50. Kf3 Ng7 51. Kg4 Ne8 52. Kf3 Nc7 53.
Kg4 Nd5 54. Kf3 Nc7 1/2-1/2

[Event "TCh-CHN Division A 2014"]
[Site "Taizhou CHN"]
[Date "2014.11.16"]
[Round "18.5"]
[Board "5"]
[White "Ren, Xiaoyi"]
[Black "Guo, Qi"]
[Result "1-0"]
[BlackTitle "WGM"]
[WhiteElo "2130"]
[BlackElo "2458"]
[WhiteTeam "Chengdu"]
[BlackTeam "Jiangsu"]
[WhiteFideId "8608709"]
[BlackFideId "8604002"]
[EventDate "2014.04.12"]

1. d4 e6 2. c4 Nf6 3. Nf3 Bb4+ 4. Bd2 a5 5. g3 b6 6. Bg2 Bb7 7. O-O O-O 8. Nc3
d5 9. Ne5 Nbd7 10. Bg5 Bxc3 11. bxc3 Qe8 12. Nxd7 Nxd7 13. cxd5 Bxd5 14. e4 Bc4
15. Re1 a4 16. e5 Bd5 17. Qg4 Kh8 18. Bxd5 exd5 19. f4 b5 20. f5 Ra6 21. f6 g6
22. Bh6 Rg8 23. Rf1 Qe6 24. Qh4 c5 25. Rf4 Raa8 26. Raf1 Raf8 27. Qg5 b4 28. Rh4 1-0